Well said Intro

Offering a lively and communicative approach for increasing pronunciation speaking skills, Well Said Intro provides beginning to intermediate students with the pronunciation and speaking tools they need to communicate in social, academic, and professional. Increased emphasis on pair and small group...

Disgrifiad llawn

Wedi'i Gadw mewn:
Manylion Llyfryddiaeth
Prif Awdur: Grant, Linda
Fformat: Llyfr
Iaith:Undetermined
Cyhoeddwyd: Boston, MA. Thomson/Heinle 2007
Pynciau:
Tagiau: Ychwanegu Tag
Dim Tagiau, Byddwch y cyntaf i dagio'r cofnod hwn!
Thư viện lưu trữ: Trung tâm Học liệu Trường Đại học Cần Thơ
LEADER 00963nam a2200229Ia 4500
001 CTU_124307
008 210402s9999 xx 000 0 und d
020 |c 68500 
082 |a 428.34 
082 |b G762/CD.2 
100 |a Grant, Linda 
245 0 |a Well said Intro 
245 0 |c Linda Grant 
260 |a Boston, MA. 
260 |b Thomson/Heinle 
260 |c 2007 
520 |a Offering a lively and communicative approach for increasing pronunciation speaking skills, Well Said Intro provides beginning to intermediate students with the pronunciation and speaking tools they need to communicate in social, academic, and professional. Increased emphasis on pair and small group activities helps students practice their pronunciation and listening skills in a contextualized setting. 
650 |a English language,Listening 
650 |x Foreign speakers 
904 |i Minh 
915 |a 400 
980 |a Trung tâm Học liệu Trường Đại học Cần Thơ